Family relationship and child development / (Record no. 67865)

MARC details
000 -LEADER
fixed length control field 00437nam a22001457a 4500
005 - DATE AND TIME OF LATEST TRANSACTION
control field 20180530172549.0
020 ## - INTERNATIONAL STANDARD BOOK NUMBER
International Standard Book Number 8189239066
Terms of availability Rs. 500.00 (hbk)
035 ## - SYSTEM CONTROL NUMBER
System control number B-220522, B220523
037 ## - SOURCE OF ACQUISITION
Stock number DPL
Source of stock number/acquisition ENG
100 ## - MAIN ENTRY--PERSONAL NAME
Personal name Arora, R.K
245 ## - TITLE STATEMENT
Title Family relationship and child development /
Statement of responsibility, etc by R.K. Arora
260 ## - PUBLICATION, DISTRIBUTION, ETC. (IMPRINT)
Place of publication, distribution, etc New Delhi
Name of publisher, distributor, etc Murari Lal and Sons
Date of publication, distribution, etc 2006
300 ## - PHYSICAL DESCRIPTION
Extent v, 356.p
Dimensions 20 cms.
942 ## - ADDED ENTRY ELEMENTS (KOHA)
Source of classification or shelving scheme Dewey Decimal Classification
Item type English Books
Classification part 362.82
Call number suffix ARO
Holdings
Withdrawn status Lost status Not for loan Collection code Home library Current library Date acquired Cost, normal purchase price Full call number Barcode Cost, replacement price Koha item type Source of acquisition
      Non-fiction Sarojini Nagar Sarojini Nagar 13/06/2012 500.00 362.82 ARO B-220522 500.00 English Books  
      Non-fiction Shahdara Branch Shahdara Branch 30/05/2018 500.00 362.82 ARO B-220523 500.00 English Books BPPD/PUB

© Delhi Public Library
Hit Counter
free hit counter